Statistics for All Valorant Agents (by Picture)

Click here to take the quiz!

General Stats

  • This quiz has been taken 502 times
    (465 since last reset)
  • The average score is 21 of 21

Answer Stats

Answer% Correct
Jett
100%
Phoenix
100%
Brimstone
99%
Killjoy
99%
Omen
99%
Reyna
99%
Sage
99%
Viper
99%
Cypher
98%
Gekko
98%
Neon
98%
Raze
98%
Skye
98%
Sova
98%
Yoru
98%
Astra
97%
Chamber
97%
Fade
97%
KAY/O
97%
Breach
96%
Harbor
94%

Score Distribution

Percentile by Number Answered

Percent of People with Each Score

Your Score History

You have not taken this quiz since the last reset